Представление документа в формате RUSMARC

ПолеНазваниеЗначение
  Тип записи a
  Библиографический уровень m
001 Контрольный номер RU/SLIB/B/208713745
005 Дата корректировки 20201206203920.9
010 Индекс ISBN __
d Цена 1-20
101 Язык документа __
a Язык текста rus
200 Заглавие и сведения об ответственности 0_
a Заглавие Этапы развития Советской Конституции
e Сведения, относящиеся к заглавию (историко-правовое исследование)
b Общее обозначение материала Текст
210 Выходные данные __
a Место издания М.
c Издательство Наука
d Дата издания 1982
215 Физическое описание __
a Объем 310 с.
606 Тематические рубрики __
a Основная рубрика Конституционное (государственное) право в целом
z Хронологическая подрубрика 1918 г.; 1924 г.; 1936 г.; 1977 г.; 20 в.
y Географическая подрубрика Россия; СССР; РСФСР
610 Ключевые слова __
a Ключевые слова конституционное законодательство; конституционное развитие; государственное право
686 Индексы других классификаций __
a Классификационный индекс 67.400.11-1(2)
700 Автор _1
a Фамилия Портнов
b Имя В. П.
4 Код отношения 070
701 Альтернативная интеллектуальная ответственность _1
a Фамилия Славин
b Имя М.М.
801 Источник записи _0
a Страна RU
b Организация Муниципальное бюджетное учреждение культуры "Централизованная библиотечная система" г. Сургут (Центральная городская библиотека им. А. С. Пушкина)
g Правила каталогизации К/Кундохова
801 Источник записи _1
a Страна RU
b Организация Муниципальное бюджетное учреждение культуры "Централизованная библиотечная система" г. Сургут (Центральная городская библиотека им. А. С. Пушкина)
g Правила каталогизации К/Кундохова
852 Данные о местонахождении __
j Шифр хранения 67.400.11-1(2)
c Каталожный индекс 67.400.1(2)
i Авторский знак П 60
p Инвентарный номер 19915(п)
901 Тип документа __
t Тип документа m
990 Данные о заказе (DOS) 00
j Количество экземпляров (DOS) 1